| 000 | 00344nam a2200121Ia 4500 | ||
|---|---|---|---|
| 008 | 220217s9999||||xx |||||||||||||| ||und|| | ||
| 082 | _a005.13 LAN | ||
| 100 |
_aLamacchia, Brain A and et al. _92766 |
||
| 245 | 0 | _a.Net framework security | |
| 260 |
_aPearson education asia _bDelhi _c2002 |
||
| 300 | _b375 | ||
| 650 | _aPROGRAMMING LANGUAGE | ||
| 999 |
_c171887 _d171887 |
||